Štátna pomoc v SR a v EÚ ako významný pilier konkurenčnej politiky bakalárska práca

Guardado en:
Detalles Bibliográficos
Autor principal: Rosa, Jakub
Autor Corporativo: Národohospodárska fakulta EU. Katedra hospodárskej politiky
Otros Autores: Tokárová, Mária
Formato: Libro
Lenguaje:eslovaco
Publicado: Bratislava 2013
Etiquetas: Agregar Etiqueta
Sin Etiquetas, Sea el primero en etiquetar este registro!

MARC

LEADER 00000nbm a2200000 4500
001 0172688
005 20161109112111.1
041 0 |a slo 
044 |a SK 
245 1 0 |a Štátna pomoc v SR a v EÚ ako významný pilier konkurenčnej politiky  |b bakalárska práca  |c Jakub Rosa ; školiteľ: Mária Tokárová 
264 1 |a Bratislava  |c 2013 
300 |a 59 s. 
100 1 |a Rosa, Jakub 
700 1 |a Tokárová, Mária 
710 2 |a Národohospodárska fakulta EU. Katedra hospodárskej politiky